000 00773nam a22002657a 4500
003 UA-OsUOA
001 25412
007 ta
008 20040407b un ||||| |||| 00| 0 ukr d
100 _aБондаренко А. І.
700 _aБондаренко Ю. І.
090 _a82.09(477)
_bБ81
942 _cBK
040 _aUA-OsUOA
_bukr
_cUA-OsUOA
_dUA-OsUOA
245 _aЧас вибору: вивчення творчості Василя Стуса в школі
_bпосібник
300 _a232 с.
955 _a2
041 _aukr
080 _a82.09(477)
020 _a966-580-153-8
260 _aК.
_bАкадемія
_c2003
044 _aUA
650 7 _a82 Література. Літературознавство
_2UDC
999 _c311706
_d311706